1084 1240 1522 1061 1731 1842 1886 1516 1009 1288 1188 1849 1446 1356 1786 1182 1128 1593 1758 1190 1836 1916 1164 1234 1203 1896 1744 1865 1440 1953 1848 1097 1559 1627 1344 1805 1850 1902 1152 1187 1659 1746 1827 1592 1833 1494 1681 1657 1281 1555 1101 1806 1080 1965 1843 1587 1235 1904 1944 1329 1041 1456 1414 1961 1397 1320 1876 1448 1833 1188 1565 1176 1109 1861 1576 1830 1012 1338 1399 1121 1815 1293 1567 1647 1154 1075 1612 1518 1331 1774 1569 1524 1889 1008 1160 1083 1572 1667 1117 BCNSPRNW ULIB Ver.6.0+V

เปลี่ยนเป็นภาษาไทย

Change to English
 แสดงรายละเอียดบรรณานุกรม
  กลับหน้าหลัก

Brief Record : Get Marc (ISO 2709) : E-mail record : QR code < ปิดหน้าต่าง
LEADER : 00000nam 2200000uu 4500
001    13399129217
003     ULIB
008    260511s2568||||th 000 0 tha d
020    ^a9786166260977
060  0 ^aWY160^bพ247ก
100 0  ^aพรพรรณ สุดใจ
245 1  ^aการประยุกต์ดิจิทัลเทคโนโลยีบนสมาร์ทโฟน : เพื่อการพยาบาลสุขภาพจิตและจิตเวช = ^bApplication of smartphone-based digital technologies in mental health and psychiatric nursing /^cพรพรรณ สุดใจ
246 3  ^aApplication of smartphone-based digital technologies in mental health and psychiatric nursing
250    ^aพิมพ์ครั้งที่ 1.
260    ^aชลบุรี :^bภาควิชาการพยาบาลสุขภาพจิตและจิตเวช คณะพยาบาลศาสตร์ มหาวิทยาลัยบูรพา,^c2568
300    ^a268 หน้า :^bภาพประกอบ, ตาราง
505 0  ^aบทที่ 1 การประยุกต์ใช้เทคโนโลยีทางสุขภาพสำหรับงานบริการด้านสุขภาพจิตและจิตเวช ทางออกของการตอบโจทย์สุขภาพในยุคดิจิทัล -- บทที่ 2 การพัฒนาโปรแกรมประยุกต์ทางสุขภาพบนสมาร์ทโฟนสำหรับการพยาบาลสุขภาพจิตและจิตเวช -- บทที่ 3 การวิจัยทางการพยาบาลสุขภาพจิตและจิตเวชโดยใช้โปรแกรมประยุกต์ทางสุขภาพบนสมาร์ทโฟน -- บทที่ 4 การ ขึ้นทะเบียนทรัพย์สินทางปัญญาาสำหรับโปรแกรมประยุกต์ทางสุขภาพบนสมาร์ทโฟน -- บทที่ 5 การพัฒนาโปรแกรมประยุกต์ทางสุขภาพบนสมาร์ทโฟนสำหรับการพยาบาลสุขภาพจิตและจิตเวชจากแนวคิดสู่การปฏิบัติ
505 2  ^aการประยุกต์ใช้เทคโนโลยีทางสุขภาพสำหรับงานบริการด้านสุขภาพจิตและจิตเวช ทางออกของการตอบโจทย์สุขภาพในยุคดิจิทัล -- การพัฒนาโปรแกรมประยุกต์ทางสุขภาพบนสมาร์ทโฟนสำหรับการพยาบาลสุขภาพจิตและจิตเวช -- การวิจัยทางการพยาบาลสุขภาพจิตและจิตเวชโดยใช้โปรแกรมประยุกต์ทางสุขภาพบนสมาร์ทโฟน -- การขึ้นทะเบียนทรัพย์สินทางปัญญาสำหรับโปรแกรมประยุกต์ทางสุขภาพบนสมาร์ทโฟน -- การพัฒนาโปรแกรมประยุกต์ทางสุขภาพบนสมาร์ทโฟนสำหรับการพยาบาลสุขภาพจิตและจิตเวชจากแนวคิดสู่การปฏิบัติ.
505 2  ^aบทที่ 1 การประยุกต์ใช้เทคโนโลยีทางสุขภาพสำหรับงานบริการด้านสุขภาพจิตและจิตเวช ทางออกของการตอบโจทย์สุขภาพในยุคดิจิทัล -- บทที่ 2 การพัฒนาโปรแกรมประยุกต์ทางสุขภาพบนสมาร์ทโฟนสำหรับการพยาบาลสุขภาพจิตและจิตเวช -- บทที่ 3 การวิจัยทางการพยาบาลสุขภาพจิตและจิตเวชโดยใช้โปรแกรมประยุกต์ทางสุขภาพบนสมาร์ทโฟน -- บทที่ 4 การขึ้นทะเบียนทรัพย์สินทางปัญญาสำหรับโปรแกรมประยุกต์ทางสุขภาพบนสมาร์ทโฟน -- บทที่ 5 การพัฒนาโปรแกรมประยุกต์ทางสุขภาพบนสมาร์ทโฟนสำหรับการพยาบาลสุขภาพจิตและจิตเวชจากแนวคิดสู่การปฏิบัติ
505 2  ^a^tการประยุกต์ใช้เทคโนโลยีทางสุขภาพสำหรับงานบริการด้านสุขภาพจิตและจิตเวช ทางออกของการตอบโจทย์สุขภาพในยุคดิจิทัล -- การพัฒนาโปรแกรมประยุกต์ทางสุขภาพบนสมาร์ทโฟนสำหรับการพยาบาลสุขภาพจิตและจิตเวช -- การวิจัยทางการพยาบาลสุขภาพจิตและจิตเวชโดยใช้โปรแกรมประยุกต์ทางสุขภาพบนสมาร์ทโฟน -- การขึ้นทะเบียนทรัพย์สินทางปัญญาสำหรับโปรแกรมประยุกต์ทางสุขภาพบนสมาร์ทโฟน -- การพัฒนาโปรแกรมประยุกต์ทางสุขภาพบนสมาร์ทโฟนสำหรับการพยาบาลสุขภาพจิตและจิตเวชจากแนวคิดสู่การปฏิบัติ.
650  4 ^aการพยาบาลจิตเวชศาสตร์.
650  4 ^aเขตพัฒนาพิเศษภาคตะวันออก (อีอีซี).
650  4 ^aจิตเวชศาสตร์^xการพยาบาล
650  4 ^aโทรศัพท์เคลื่อนที่^xโปรแกรมประยุกต์บนอุปกรณ์เคลื่อนที่
650  4 ^aบริการสุขภาพจิต^xนวัตกรรมทางเทคโนโลยี
650  4 ^aสุขภาพจิต^xนวัตกรรมทางเทคโนโลยี
650  4 ^aอุตสาหกรรมการแพทย์ครบวงจร.
650  7 ^aจิตเวชศาสตร์
650  7 ^aเทคโนโลยีทางการแพทย์
650  7 ^aโปรแกรมประยุกต์บนอุปกรณ์เคลื่อนที
650  7 ^aสุขภาพจิต
650 0  ^aสุขภาพจิต^xการพยาบาล
655  4 ^aHealth Sciences Branch.
695    ^aHealth Sciences.
999    ^aประนอม เกษจรัล
รายการนี้ยังไม่มีแท็ก
คุณยังไม่ได้ล็อกอิน คุณสามารถมีกิจกรรมร่วมกับเว็บไซต์ได้ แต่ต้องล็อกอินก่อน ::
  ล็อกอิน

รายการสื่อสารสนเทศ

ลำดับที่ ประเภท เลขเรียก/บาร์โค้ด สถานที่ สถานะ
1. การศึกษาทั่วไป
หนังสือสำรอง
สถานะ=หนังสือสำรอง
WY160 พ247ก ฉ.1 
  Barcode: 012203
ห้องสมุดวิทยาเขตสวรรค์ประชารักษ์
►หนังสือทั่วไป
บนชั้น
2. การศึกษาทั่วไป
การศึกษาทั่วไป
WY160 พ247ก ฉ.2 
  Barcode: 012204
ห้องสมุดวิทยาเขตสวรรค์ประชารักษ์
►หนังสือทั่วไป
บนชั้น
3. การศึกษาทั่วไป
การศึกษาทั่วไป
WY160 พ247ก ฉ.3 
  Barcode: 012205
ห้องสมุดวิทยาเขตสวรรค์ประชารักษ์
►หนังสือทั่วไป
บนชั้น
4. การศึกษาทั่วไป
การศึกษาทั่วไป
WY160 พ247ก ฉ.4 
  Barcode: 012206
ห้องสมุดวิทยาเขตสวรรค์ประชารักษ์
►หนังสือทั่วไป
บนชั้น
5. การศึกษาทั่วไป
การศึกษาทั่วไป
WY160 พ247ก ฉ.5 
  Barcode: 012207
ห้องสมุดวิทยาเขตสวรรค์ประชารักษ์
►หนังสือทั่วไป
บนชั้น

รายการใกล้เคียง
    หัวเรื่อง [การพยาบาลจิตเวชศาสตร์.]
    หัวเรื่อง [เขตพัฒนาพิเศษภาคตะวันออก (อีอีซี).]
    หัวเรื่อง [อุตสาหกรรมการแพทย์ครบวงจร.]
    หัวเรื่อง [จิตเวชศาสตร์]
    หัวเรื่อง [เทคโนโลยีทางการแพทย์]
    หัวเรื่อง [สุขภาพจิต]

BibComment


ยังไม่เคยถูกคอมเมนท์

คอมเมนท์ทรัพยากรรายการนี้
  คอมเมนท์: การประยุกต์ดิจิท..


 Copyright 2026. Bcnsprnw @Library